The classics of Confucius : (Record no. 68378)
[ view plain ]
| 000 -LEADER | |
|---|---|
| fixed length control field | 00695nam a2200229 a 4500 |
| 001 - CONTROL NUMBER | |
| control field | 68378 |
| 003 - CONTROL NUMBER IDENTIFIER | |
| rucl marc code | BD-RjUL |
| 005 - DATE AND TIME OF LATEST TRANSACTION | |
| control field | 20211209081749.0 |
| 008 - FIXED-LENGTH DATA ELEMENTS--GENERAL INFORMATION | |
| fixed length control field | 170402s1906 enk||||| |||| 00| 0 eng d |
| 035 ## - SYSTEM CONTROL NUMBER | |
| System control number | (BD-RjUL)68588 |
| 040 ## - CATALOGING SOURCE | |
| Original cataloging agency | BD-RjUL |
| Language of cataloging | eng |
| Transcribing agency | BD-RjUL |
| Modifying agency | BD-RjUL |
| 041 ## - LANGUAGE CODE | |
| Language code of text/sound track or separate title | eng |
| 082 ## - DEWEY DECIMAL CLASSIFICATION NUMBER | |
| Edition number | 23 |
| Classification number | 951.01 |
| Author mark and year | OLC 1906 |
| 100 ## - MAIN ENTRY--PERSONAL NAME | |
| Personal name | Old, W. Gorn |
| 9 (RLIN) | 202724 |
| 245 ## - TITLE STATEMENT | |
| Title | The classics of Confucius : |
| Remainder of title | book of history (Shu king) / |
| Statement of responsibility, etc. | W. Gorn Old |
| 260 ## - PUBLICATION, DISTRIBUTION, ETC. (IMPRINT) | |
| Place of publication, distribution, etc. | London : |
| Name of publisher, distributor, etc. | John Murray, |
| Date of publication, distribution, etc. | 1906. |
| 300 ## - PHYSICAL DESCRIPTION | |
| Pagination | 67 p. ; |
| Size | 14 cm. |
| 490 ## - SERIES STATEMENT | |
| Series statement | The wisdom of the East series. |
| 651 ## - SUBJECT ADDED ENTRY--GEOGRAPHIC NAME | |
| Geographic name | China |
| Chronological subdivision | Early history to 960 |
| 9 (RLIN) | 202725 |
| 830 ## - SERIES ADDED ENTRY--UNIFORM TITLE | |
| Uniform title | The wisdom of the East series. |
| 942 ## - ADDED ENTRY ELEMENTS (KOHA) | |
| Source of classification or shelving scheme | Dewey Decimal Classification |
| Koha item type | Books |
| Lost status | Source of classification or shelving scheme | Damaged status | Not for loan | Collection code | Permanent Location | Current Location | Shelving location | Date acquired | Source of acquisition | Total Checkouts | Full call number | Date last seen | Copy number | Koha item type |
|---|---|---|---|---|---|---|---|---|---|---|---|---|---|---|
| Dewey Decimal Classification | Not For Loan | Non-fiction | Central Library, University of Rajshahi | Central Library, University of Rajshahi | Reading Room | 09/12/2021 | Spalding Trust | 951.01 OLC 1906 | 02/04/2017 | C-1 | Books |